Nhà văn Việt Nam (1945-1975) Tập 1

Kaydedildi:
Detaylı Bibliyografya
Yazar: Phan Cự Đệ
Diğer Yazarlar: Hà Minh Đức
Materyal Türü: Kitap
Dil:Vietnamese
Baskı/Yayın Bilgisi: H. Đại học và trung học chuyên nghiệp 1979
Konular:
Etiketler: Etiketle
Etiket eklenmemiş, İlk siz ekleyin!
Thư viện lưu trữ: Mạng thư viện Đại học Đà Nẵng
LEADER 00831nam a2200301 4500
001 000004346
003 485
005 20121211001219.0
008 110719s1979 viesd
020 |c 20000 
041 0 |a vie 
082 |a 895.92209  |b PHA 
100 1 |a Phan Cự Đệ 
245 1 0 |a Nhà văn Việt Nam (1945-1975)  |c Phan Cự Đệ, Hà Minh Đức  |n Tập 1 
260 |a H.  |b Đại học và trung học chuyên nghiệp  |c 1979 
300 |a 740 tr.  |c 19 cm. 
653 |a Văn học Việt Nam 
653 |a Nhà văn 
700 1 |a Hà Minh Đức 
773 |t Nhà văn Việt Nam  |w 482 
OWN |a LSP 
999 |a From the UDN01 
TYP |a Monograph 
TYP |a Printed language 
980 |a Mạng thư viện Đại học Đà Nẵng